000 00457nam a2200205Ia 4500
008 210210b2004 xxu||||| |||| 00| 0 eng d
020 _a9780099466031
041 _aeng
082 _a823.914 ECON
100 _aECO (Umberto)
245 _aName of the rose
260 _aLondon
_bVintage books
_c2004
300 _axviii,493
650 _athe
650 _arose
650 _aof
650 _aName
690 _aEnglish Fiction
906 _a065071
999 _c142791
_d142791